000 00704nam a2200253 a 4500
003 AR-BaBNM
005 20251128203331.0
008 082120s2002 ||||||||||||||000 | spa||
040 _cAR-BaBNM
100 1 _aRobertson, William Spence
245 0 0 _aAmérica contemporánea
260 _aBuenos Aires
_bJackson
_c1941
300 _a415 p.
_bil., láms.
490 0 _aHistoria de América
_vv. 12
504 _aBibliografía para consultar p. 411-415
650 4 _aHISTORIA NORTEAMERICANA
650 4 _aHISTORIA
651 4 _aCanadá
653 _aINDEPENDENCIA DE LOS ESTADOS UNIDOS
653 _aFORMAS DE GOBIERNO
800 1 _aLevene, Ricardo
_edirector
942 _cBK
998 _cMariana
999 _c2949
_d2949